Biblioteka Instytutu Północnego w Olsztynie

Widok standardowy Widok MARC

Pozycja Corporate Name

Liczba rekordów, w których użyto hasła: 1

001 - Numer kontrolny

  • control field: 11693

003 - Identyfikator numeru kontrolnego

  • control field: OLSZT 008

005 - Data i czas ostatniej modyfikacji

  • control field: 20240320220005.0

008 - Dane kontrolne kodowane (40 znaków)

  • fixed length control field: 971002n||a|nnnabbn |a ana |c

010 ## - Numer kontrolny Biblioteki Kongresu

  • numer kontrolny LC: n 97048244

024 7# - OTHER STANDARD IDENTIFIER

  • Standard number or code: http://viaf.org/viaf/158147527
  • Source of number or code: uri

039 #9 -

  • : 202011090012
  • : VLOAD
  • : 202011060502
  • : VLOAD
  • : 201206060005
  • : VLOAD
  • : 201206050018
  • : VLOAD
  • : 200205311134
  • : load

040 ## - Instytucja sporządzająca rekord

  • inst. przygot. dane do rek. khw: KR U/MBK
  • inst. wprow. rek. khw: KR U/MBK
  • inst. modyf. rek. khw: KR U/aps

110 2# - Hasło - nazwa ciała zbiorowego

  • nazwa ciała zbior. lub geogr. na pocz.: Fundacja Uniwersytecka (Stalowa Wola).

410 2# - Trop zob. - nazwa ciała zbiorowego

  • nazwa ciała zbior. lub geogr. na pocz.: Fundacja Uniwersytecka w Stalowej Woli.

410 2# - Trop zob. - nazwa ciała zbiorowego

  • nazwa ciała zbior. lub geogr. na pocz.: Fundacja Uniwersytecka KUL w Stalowej Woli.

665 ## - Nota historyczna

  • nota historyczna: Fundacja Uniwersytecka w Stalowej Woli została zarejestrowana w 1992.

670 ## - Źródło informacji

  • źródło informacji: Kp. Czasy Nowożytne : periodyk poświęcony dziejom polskim i europejskim od XV do XX wieku / [Fundacja "Pomerania" w Toruniu ; Fundacja Uniwersytecka KUL w Stalowej Woli] ; T.1. - Toruń [et al.]. - 1996.

670 ## - Źródło informacji

  • źródło informacji: http://bazy.ngo.pl/search/info.asp?id=4277

670 ## - Źródło informacji

  • źródło informacji: http://fundacja.kul.stalwol.pl/

670 ## - Źródło informacji

  • źródło informacji: Kp. Energetyka i hutnictwo a suwerenność państwa polskiego / Polskie Stowarzyszenie Morskie i Gospodarcze, Fundacja Uniwersytecka w Stalowej Woli. - Toruń, 1998.

999 ## -

  • : VTLSSORT0010*0080*0100*0390*0400*1100*4100*4101*6650*6700*6701*6702*6703*9992

999 ## -

  • : VIRTUA10 x
Biblioteka Instytutu Północnego, ul. Partyzantów 87, 10-402 Olsztyn, email: biblioteka(at)ip.olsztyn.pl